[Event "1800-2200 Leisure RR"]
[Site "SchemingMind.com"]
[Date "2012.11.28"]
[Round "-"]
[White "jdcald13"]
[Black "Olli Ylönen"]
[Result "0-1"]
[WhiteCountry "USA"]
[BlackCountry "FIN"]
[WhiteElo "1794"]
[WhiteRD "59"]
[BlackElo "1841"]
[BlackRD "55"]
[GameID "321924"]

1. c4 e5 2. g3 Nf6 3. Bg2 d5 4. cxd5 Nxd5 5. Nf3 Nc6 6. Nc3 Nb6 7. Rb1 a5 8. O-O Be7 9. d3 O-O 10. Be3 Bg4
0-1

[Event "1800-2200 Leisure RR"]
[Site "SchemingMind.com"]
[Date "2012.12.01"]
[Round "-"]
[White "hymanroth"]
[Black "Olli Ylönen"]
[Result "1-0"]
[WhiteCountry "CRO"]
[BlackCountry "FIN"]
[WhiteElo "2199"]
[WhiteRD "98"]
[BlackElo "1832"]
[BlackRD "57"]
[GameID "322354"]

1. d4 Nf6 2. c4 g6 3. Nf3 Bg7 4. Nc3 O-O 5. e4 d6 6. Be2 e5 7. Be3 Ng4 8. Bg5 f6 9. Bh4 Nc6 10. d5 Ne7
11. Nd2 Nh6 12. f3 c5 13. O-O g5 14. Bf2 f5 15. Rb1 Ng6 16. b4 b6 17. bxc5 bxc5 18. exf5 Nxf5 19. Nde4 Nd4 20. Nb5 Nxe2+
21. Qxe2 g4 22. fxg4 Nf4 23. Qd1 Kh8 24. Nbxd6
1-0

[Event "1800-2200 Leisure RR"]
[Site "SchemingMind.com"]
[Date "2012.12.01"]
[Round "-"]
[White "Olli Ylönen"]
[Black "hymanroth"]
[Result "0-1"]
[WhiteCountry "FIN"]
[BlackCountry "CRO"]
[WhiteElo "1832"]
[WhiteRD "57"]
[BlackElo "2199"]
[BlackRD "98"]
[GameID "322356"]

1. e4 c6 2. d4 d5 3. e5 Bf5 4. Nf3 e6 5. Be2 Ne7 6. O-O Bg6 7. b3 Nf5 8. c4 Nd7 9. Nc3 Bb4 10. Bb2 O-O
11. Bd3 f6 12. a3 Bxc3 13. Bxc3 fxe5 14. dxe5 Bh5 15. Be2 Qb6 16. cxd5 cxd5 17. b4 Ne3 18. Qd3 Nxf1 19. Ng5 Qxf2+ 20. Kh1 Rf5
21. Bxh5 Rxg5 22. Rxf1 Qxg2#
0-1

[Event "1800-2200 Leisure RR"]
[Site "SchemingMind.com"]
[Date "2012.12.07"]
[Round "-"]
[White "PankracyRozumek"]
[Black "Olli Ylönen"]
[Result "1-0"]
[WhiteCountry "POL"]
[BlackCountry "FIN"]
[WhiteElo "1981"]
[WhiteRD "80"]
[BlackElo "1862"]
[BlackRD "57"]
[GameID "322410"]

1. c4 e5 2. g3 Nc6 3. Bg2 f5 4. e3 Nf6 5. Nc3 d6 6. Nge2 g6 7. d4 Bg7 8. dxe5 Nxe5 9. b3 O-O 10. O-O c6
11. Bb2 Re8 12. Qc2 Qe7 13. Rad1 Be6 14. Nf4 Kh8 15. e4 Nxe4 16. Nxe4 fxe4 17. Bxe4 a5 18. Bg2 Bg4 19. f3 Bf5 20. Qd2 Rad8
21. Rfe1 Qf7 22. g4 Bc8 23. Nh3 d5 24. Ng5 Qf8 25. Qxa5 Nxf3+ 26. Bxf3 Rxe1+ 27. Rxe1 Bxb2 28. cxd5 Bxg4 29. Bxg4 Rxd5 30. Nxh7 Bd4+
31. Kh1 Kxh7 32. Qc7+ Kh6 33. Qg3 Bf2 34. Qh3+ Kg5 35. Rf1 Qf4 36. Bf3 Rd2 37. Qg2+ Kf5 38. Rxf2 Rxf2 39. Qxf2 Qc1+ 40. Qg1
1-0

[Event "1800-2200 Leisure RR"]
[Site "SchemingMind.com"]
[Date "2012.12.02"]
[Round "-"]
[White "PankracyRozumek"]
[Black "hymanroth"]
[Result "0-1"]
[WhiteCountry "POL"]
[BlackCountry "CRO"]
[WhiteElo "1896"]
[WhiteRD "86"]
[BlackElo "2157"]
[BlackRD "96"]
[GameID "322411"]

1. c4 e5 2. g3 Nf6 3. Bg2 d5 4. cxd5 Nxd5 5. Nf3 Nc6 6. O-O Nb6 7. d3 Be7 8. Nbd2 O-O 9. a3 Re8 10. Ne4 a5
11. b3 Bg4 12. Bb2 f5 13. Ned2 Bf6 14. Nc4 Nxc4 15. dxc4 e4 16. Qxd8 Bxd8 17. Nd4 Nxd4 18. Bxd4 Bxe2 19. Rfe1 Bd3 20. Ra2 a4
21. b4 Bxc4 22. Rc2 Bb3 23. Rc3 Re6 24. f3 exf3 25. Rxe6 Bxe6 26. Bxf3 c6 27. Kf2 Kf7 28. Ke3 Bf6 29. Bxf6 Kxf6 30. b5 cxb5
31. Bxb7 Rb8 32. Bc6 b4 33. axb4 Rxb4 34. Kd3 Bb3 35. Rc1 a3 36. Ra1 a2 37. Bf3 Bc4+ 38. Kc2 Rb8 39. Kc1 Ke5 40. h3 Kd4
41. g4 f4
0-1

[Event "1800-2200 Leisure RR"]
[Site "SchemingMind.com"]
[Date "2012.12.07"]
[Round "-"]
[White "Olli Ylönen"]
[Black "PankracyRozumek"]
[Result "1-0"]
[WhiteCountry "FIN"]
[BlackCountry "POL"]
[WhiteElo "1847"]
[WhiteRD "58"]
[BlackElo "1937"]
[BlackRD "87"]
[GameID "322413"]

1. e4 Nf6 2. e5 Nd5 3. d4 d6 4. c4 Nb6 5. f4 g6 6. Nc3 Bg7 7. Be3 O-O 8. c5 dxc5 9. dxc5 N6d7 10. h4 e6
11. h5 b6 12. hxg6 fxg6 13. Nf3 Bb7 14. Ng5 Qe7 15. Rxh7 Re8 16. cxb6 cxb6 17. Bd3 Nf8 18. Bc4 Nc6 19. Nd5 Qd8 20. Nf6+ Bxf6
21. exf6 Qxd1+ 22. Rxd1 Nxh7 23. f7+ Kg7 24. Rd7 Rf8 25. Nxe6+ Kf6 26. Nxf8 Nxf8 27. Rxb7 Rc8 28. Bb5 a6 29. Bxa6 Rb8 30. Rxb6 Rxb6
31. Bxb6 Kxf7 32. Bc4+ Kf6 33. a4
1-0

[Event "1800-2200 Leisure RR"]
[Site "SchemingMind.com"]
[Date "2012.12.02"]
[Round "-"]
[White "hymanroth"]
[Black "PankracyRozumek"]
[Result "1/2-1/2"]
[WhiteCountry "CRO"]
[BlackCountry "POL"]
[WhiteElo "2029"]
[WhiteRD "111"]
[BlackElo "1892"]
[BlackRD "80"]
[GameID "322414"]

1. d4 d5 2. c4 e6 3. Nf3 Nf6 4. g3 dxc4 5. Bg2 c5 6. O-O Nc6 7. Ne5 Nxe5 8. dxe5 Qxd1 9. Rxd1 Nd5 10. Nc3 Nxc3
11. bxc3 Be7 12. Rb1 Rb8 13. Bc6+ Kf8 14. Bd7 b6 15. Bb5 f6= 16. exf6 gxf6 17. Bxc4 Kf7 18. Bf4 Ra8 19. e4 Bb7 20. f3 Rad8
21. Bc7 Rc8 22. Bd6 Rhd8 23. Bxe7=
1/2-1/2

[Event "1800-2200 Leisure RR"]
[Site "SchemingMind.com"]
[Date "2012.12.14"]
[Round "-"]
[White "e_castle3"]
[Black "PankracyRozumek"]
[Result "0-1"]
[WhiteCountry "PHI"]
[BlackCountry "POL"]
[WhiteElo "1706"]
[WhiteRD "59"]
[BlackElo "1937"]
[BlackRD "87"]
[GameID "323144"]

1. e4 Nf6 2. e5 Nd5 3. d4 d6 4. c4 Nb6 5. exd6 exd6 6. Nf3 Bg4 7. h3 Bh5 8. Nc3 Be7 9. Bd3 O-O 10. O-O Nc6
11. Be3 Bf6 12. g4 Bg6 13. Bxg6 hxg6 14. b3 d5 15. c5 Nd7 16. g5 Be7 17. Nxd5 Re8 18. b4 a6 19. a4 b6 20. b5 axb5
21. axb5 Na7 22. c6 Nf8 23. Qb3 Ne6 24. Ne5 Bxg5 25. f4 Bh6 26. Ra2 Qh4 27. Kh2 f6 28. Nxg6 Qh5 29. Nde7+ Kf7
0-1

[Event "1800-2200 Leisure RR"]
[Site "SchemingMind.com"]
[Date "2012.12.13"]
[Round "-"]
[White "e_castle3"]
[Black "Olli Ylönen"]
[Result "0-1"]
[WhiteCountry "PHI"]
[BlackCountry "FIN"]
[WhiteElo "1706"]
[WhiteRD "59"]
[BlackElo "1847"]
[BlackRD "58"]
[GameID "323145"]

1. e4 c5 2. Nf3 d6 3. g3 Nf6 4. d3 g6 5. Bg2 Bg7 6. O-O Nc6 7. c3 O-O 8. Bg5 h6 9. Bf4 e5 10. Be3 Be6
11. h3 Qd7 12. Kh2 b6 13. Qd2 d5 14. exd5 Nxd5 15. Bxh6 Bf5 16. Bxg7 Kxg7 17. Rd1 Rh8 18. h4 Nf6 19. Na3 Rad8 20. Bf1 Bg4
21. Be2 Qd6 22. Qg5 Bxf3 23. Bxf3 Qc7 24. Bxc6 Qxc6 25. Nc4 e4 26. Ne5 Qc7 27. d4 cxd4 28. cxd4 Rh5 29. Qf4 Rf5 30. Qe3 Rxe5
0-1

[Event "1800-2200 Leisure RR"]
[Site "SchemingMind.com"]
[Date "2012.12.13"]
[Round "-"]
[White "e_castle3"]
[Black "hymanroth"]
[Result "0-1"]
[WhiteCountry "PHI"]
[BlackCountry "CRO"]
[WhiteElo "1706"]
[WhiteRD "59"]
[BlackElo "2227"]
[BlackRD "97"]
[GameID "323146"]

1. e4 e5 2. Nf3 Nc6 3. Bb5 a6 4. Ba4 Nf6 5. O-O Nxe4 6. Re1 Nc5 7. Bxc6 dxc6 8. Nxe5 Be7 9. d4 Ne6 10. Be3 O-O
11. a3 f6 12. Nf3 Qd5 13. Nc3 Qh5 14. Qe2 Re8 15. Qc4 Qf7 16. d5 cxd5 17. Nxd5 Bd6 18. Nc3 Ng5 19. Qxf7+ Nxf7 20. h3 Bf5
21. Rac1 Rad8
0-1

[Event "1800-2200 Leisure RR"]
[Site "SchemingMind.com"]
[Date "2012.12.14"]
[Round "-"]
[White "PankracyRozumek"]
[Black "e_castle3"]
[Result "1-0"]
[WhiteCountry "POL"]
[BlackCountry "PHI"]
[WhiteElo "1937"]
[WhiteRD "87"]
[BlackElo "1706"]
[BlackRD "59"]
[GameID "323148"]

1. c4 e5 2. g3 d6 3. Bg2 Nf6 4. Nc3 c6 5. d4 exd4 6. Qxd4 Be7 7. e4 O-O 8. Nge2 Bg4 9. h3 Bxe2 10. Nxe2 Re8
11. O-O Qb6 12. b3 Qxd4 13. Nxd4 Nbd7 14. Bb2 a6 15. Rad1 Bf8 16. Rfe1 Nc5 17. f3 a5 18. Bc1 h6 19. Nf5 Rad8 20. Re2 Kh7
21. Kh2 g6 22. Ne3 Bg7 23. Red2 Re6 24. Bb2 Ne8 25. Bxg7 Nxg7 26. h4 Ne8 27. Rd4 h5 28. f4 f6 29. Nc2 Re7 30. e5
1-0

[Event "1800-2200 Leisure RR"]
[Site "SchemingMind.com"]
[Date "2012.12.14"]
[Round "-"]
[White "Olli Ylönen"]
[Black "e_castle3"]
[Result "1-0"]
[WhiteCountry "FIN"]
[BlackCountry "PHI"]
[WhiteElo "1847"]
[WhiteRD "53"]
[BlackElo "1769"]
[BlackRD "61"]
[GameID "323149"]

1. Nf3 Nc6 2. d4 d5 3. c4 Nf6 4. cxd5 Qxd5 5. Nc3 Qd8 6. d5 Nb8 7. e4 Bg4 8. e5 Nfd7 9. Bf4 a6 10. Bc4 Nb6
11. Bb3 N8d7 12. e6 fxe6 13. dxe6 Nc5 14. Qxd8+ Rxd8 15. Bxc7 Rc8 16. Bxb6
1-0

[Event "1800-2200 Leisure RR"]
[Site "SchemingMind.com"]
[Date "2012.12.14"]
[Round "-"]
[White "hymanroth"]
[Black "e_castle3"]
[Result "1-0"]
[WhiteCountry "CRO"]
[BlackCountry "PHI"]
[WhiteElo "2227"]
[WhiteRD "97"]
[BlackElo "1706"]
[BlackRD "59"]
[GameID "323150"]

1. d4 d5 2. c4 c6 3. Nc3 Nf6 4. e3 Bf5 5. cxd5 Nxd5 6. Bc4 Nxc3 7. bxc3 e6 8. Ne2 Bd6 9. Ng3 Bg6 10. Bd3 O-O
11. Bxg6 hxg6 12. e4 Nd7 13. e5 Be7 14. Ne4 Qc7 15. h4 Rfd8 16. h5 g5 17. Qf3 f5 18. Nxg5 Nf8 19. h6 Bxg5 20. Bxg5 Rd7
21. hxg7 Rxg7 22. Bf6 Rg6 23. Rh8+ Kf7 24. Qh5 Qa5 25. Rxf8+ Rxf8 26. Qh7+
1-0

[Event "1800-2200 Leisure RR"]
[Site "SchemingMind.com"]
[Date "2012.12.22"]
[Round "-"]
[White "tyler_ensor"]
[Black "e_castle3"]
[Result "1-0"]
[WhiteCountry "CAN"]
[BlackCountry "PHI"]
[WhiteElo "1967"]
[WhiteRD "83"]
[BlackElo "1706"]
[BlackRD "59"]
[GameID "323590"]

1. Nf3 g6 2. d4 Bg7 3. c4 Nf6 4. Nc3 O-O 5. e4 d6 6. Be2 b6 7. O-O Bb7 8. e5 dxe5 9. Nxe5 Nbd7 10. Bf4 a6
11. Re1 e6 12. Qd2 Re8 13. Rac1 Nxe5 14. Bxe5 Qe7 15. a3 Rad8 16. Qc2 Bh6 17. Rcd1 Nd7 18. Bxc7 Rc8 19. Bg3 f5 20. d5 f4
21. dxe6
1-0

[Event "1800-2200 Leisure RR"]
[Site "SchemingMind.com"]
[Date "2012.12.20"]
[Round "-"]
[White "tyler_ensor"]
[Black "PankracyRozumek"]
[Result "0-1"]
[WhiteCountry "CAN"]
[BlackCountry "POL"]
[WhiteElo "1822"]
[WhiteRD "69"]
[BlackElo "1965"]
[BlackRD "84"]
[GameID "323592"]

1. Nf3 d5 2. c4 e6 3. b3 c5 4. Bb2 Nc6 5. g3 Nf6 6. Bg2 Be7 7. O-O d4 8. d3 O-O 9. Nbd2 e5 10. h3 h6
11. Bc1 g5 12. Nh2 Be6 13. Ne4 Nd7 14. g4 f6 15. Re1 Nb6 16. Nf1 Nc8 17. Nfg3 Nd6 18. Nxd6 Bxd6 19. Nf5 Bxf5 20. gxf5 Rb8
21. Bd5+ Kg7 22. Kh1 Ne7 23. Be6 Qe8 24. Rg1 Qh5 25. Qf1 Nc8 26. f3 Nb6 27. Qg2 Na8 28. Qg4 Qe8 29. h4 Be7 30. hxg5 hxg5
31. Rg2 Rh8+ 32. Rh2 Rxh2+ 33. Kxh2 Qh8+ 34. Kg2 Qh6 35. Bd2 Rh8 36. Qg3 Nc7 37. Bd7 Kf7 38. b4 cxb4 39. Rb1 a5 40. a3 b5
41. Bxb5 Nxb5 42. cxb5 bxa3 43. Bxa5 a2 44. Ra1 Qh1+ 45. Rxh1 Rxh1 46. Kxh1 a1=Q+ 47. Qe1 Qxe1+ 48. Bxe1 Bd8 49. Bb4 Bb6
0-1

[Event "1800-2200 Leisure RR"]
[Site "SchemingMind.com"]
[Date "2012.12.22"]
[Round "-"]
[White "tyler_ensor"]
[Black "Olli Ylönen"]
[Result "0-1"]
[WhiteCountry "CAN"]
[BlackCountry "FIN"]
[WhiteElo "1822"]
[WhiteRD "69"]
[BlackElo "1826"]
[BlackRD "61"]
[GameID "323593"]

1. Nf3 c5 2. c4 Nf6 3. b3 Nc6 4. Bb2 e6 5. e3 d5 6. cxd5 exd5 7. Be2 Bd6 8. O-O O-O 9. d4 cxd4 10. Nxd4 Re8
11. Nd2 a6 12. Rc1 Bd7 13. N2f3 Ne4 14. a3 Qe7 15. Qd3 Bxa3 16. Rxc6 bxc6 17. Ba1 Bd6 18. Rc1 c5 19. Nc2 Bb5 20. Qd1 Bxe2
21. Qxe2 Rab8 22. Qd3 a5 23. Qxd5 Rb5 24. Na3 Nxf2 25. Re1 Rb4 26. Kxf2 Bxh2 27. Nxh2 Qh4+ 28. Ke2 Qxh2 29. Nc4 Rxb3 30. Ne5 Qh5+
31. Kd2 Rbb8 32. Kc1 Rbd8 33. Qe4 f6 34. Qc4+ Kf8 35. Qxc5+ Kg8 36. Qc4+ Kf8
0-1

[Event "1800-2200 Leisure RR"]
[Site "SchemingMind.com"]
[Date "2012.12.20"]
[Round "-"]
[White "tyler_ensor"]
[Black "hymanroth"]
[Result "0-1"]
[WhiteCountry "CAN"]
[BlackCountry "CRO"]
[WhiteElo "1967"]
[WhiteRD "83"]
[BlackElo "2227"]
[BlackRD "97"]
[GameID "323594"]

1. Nf3 Nf6 2. c4 e6 3. b3 d5 4. e3 c5 5. Bb2 Nc6 6. d4 cxd4 7. exd4 Bb4+ 8. Nbd2 O-O 9. a3 Bxd2+ 10. Qxd2 dxc4
11. bxc4 Ne4 12. Qc2 Qa5+ 13. Nd2 Nxd2 14. Qxd2 Rd8 15. Bc3 Qa4 16. Bd3 Nxd4 17. Bxd4 e5 18. Bc2 Qxc4 19. Qc3 Qxd4
0-1

[Event "1800-2200 Leisure RR"]
[Site "SchemingMind.com"]
[Date "2012.12.22"]
[Round "-"]
[White "e_castle3"]
[Black "tyler_ensor"]
[Result "0-1"]
[WhiteCountry "PHI"]
[BlackCountry "CAN"]
[WhiteElo "1706"]
[WhiteRD "59"]
[BlackElo "1967"]
[BlackRD "83"]
[GameID "323595"]

1. e4 c5 2. Nf3 d6 3. Bc4 e6 4. O-O Nf6 5. d3 Nc6 6. a3 Be7 7. Re1 O-O 8. e5 dxe5 9. Nxe5 Nxe5 10. Rxe5 Bd6
11. Re1 Qc7 12. h3 a6 13. Nc3 b5 14. Ba2 Bb7 15. Bg5 Qc6 16. Ne4 Nd7 17. f3 Bc7 18. Qd2 Ne5 19. Be7 Rfe8 20. Bh4 Bd8
21. Bf2 Bb6 22. Qg5 Nd7
0-1

[Event "1800-2200 Leisure RR"]
[Site "SchemingMind.com"]
[Date "2012.12.20"]
[Round "-"]
[White "PankracyRozumek"]
[Black "tyler_ensor"]
[Result "1-0"]
[WhiteCountry "POL"]
[BlackCountry "CAN"]
[WhiteElo "1942"]
[WhiteRD "87"]
[BlackElo "1983"]
[BlackRD "83"]
[GameID "323597"]

1. c4 e5 2. g3 f5 3. d4 exd4 4. Qxd4 Nc6 5. Qd1 Nf6 6. Bg2 Bb4+ 7. Bd2 Qe7 8. Nf3 Ne4 9. O-O O-O 10. a3 Bxd2
11. Nbxd2 d6 12. Nxe4 fxe4 13. Nd4 Bd7 14. e3 a5 15. Nxc6 Bxc6 16. Qc2 Rf6 17. b4 axb4 18. axb4 Rxa1 19. Rxa1 b5 20. cxb5 Bxb5
21. Bxe4 h6 22. Ra8+ Rf8 23. Bd5+
1-0

[Event "1800-2200 Leisure RR"]
[Site "SchemingMind.com"]
[Date "2012.12.23"]
[Round "-"]
[White "Olli Ylönen"]
[Black "tyler_ensor"]
[Result "1-0"]
[WhiteCountry "FIN"]
[BlackCountry "CAN"]
[WhiteElo "1826"]
[WhiteRD "61"]
[BlackElo "1822"]
[BlackRD "69"]
[GameID "323598"]

1. d4 d5 2. c4 e6 3. Nf3 Nf6 4. g3 dxc4 5. Bg2 Nc6 6. Qa4 Bb4+ 7. Bd2 Nd5 8. Bxb4 Nxb4 9. O-O Rb8 10. Nc3 a6
11. Ne5 O-O 12. Bxc6 Nxc6 13. Nxc6 bxc6 14. Qxc6 Rxb2 15. Qxc4 Bb7 16. Rfb1 Rxb1+ 17. Rxb1 Qc8 18. e4 Rd8 19. d5 exd5 20. exd5 c6
21. dxc6 Bxc6 22. Rb6 Bf3 23. Qxc8 Rxc8 24. Rb1 g6 25. Nd1 Rc2 26. Ra1 Bxd1 27. Rxd1 Rxa2 28. Rd8+ Kg7 29. Ra8 Ra1+ 30. Kg2 a5
31. h4 a4 32. Kf3 a3 33. Kg2 a2 34. Kf3 Kf6 35. Ra5 Ke6 36. Ke3
1-0

[Event "1800-2200 Leisure RR"]
[Site "SchemingMind.com"]
[Date "2012.12.20"]
[Round "-"]
[White "hymanroth"]
[Black "tyler_ensor"]
[Result "1-0"]
[WhiteCountry "CRO"]
[BlackCountry "CAN"]
[WhiteElo "2244"]
[WhiteRD "98"]
[BlackElo "1985"]
[BlackRD "82"]
[GameID "323599"]

1. e4 c6 2. d4 d5 3. Nd2 dxe4 4. Nxe4 Nf6 5. Nxf6+ exf6 6. c3 Bd6 7. Bd3 O-O 8. Qc2 Re8+ 9. Ne2 g6 10. h4 Be6
11. h5 f5 12. hxg6 fxg6 13. Bh6 Qf6 14. O-O-O Nd7 15. Kb1 b5 16. Nf4 Bf7 17. Rh3 Nf8 18. Rdh1 Ne6 19. Qc1 Bf8 20. Nxe6 Qxe6
21. b3 Bd6 22. Bf4 Bxf4 23. Qxf4 h5 24. Rg3 Kh8 25. Qh6+ Kg8 26. Qxh5
1-0

[Event "1800-2200 Leisure RR"]
[Site "SchemingMind.com"]
[Date "2012.12.24"]
[Round "-"]
[White "Vladimir2011"]
[Black "e_castle3"]
[Result "1-0"]
[WhiteCountry "BLR"]
[BlackCountry "PHI"]
[WhiteElo "2017"]
[WhiteRD "87"]
[BlackElo "1709"]
[BlackRD "65"]
[GameID "323798"]

1. d4 d5 2. Bg5 h6 3. Bh4 Nc6 4. Nf3 Bg4 5. Ne5 Nxe5 6. dxe5 g5 7. Bg3 Bg7 8. Nc3 e6 9. Qd4 Bf5 10. O-O-O Qd7
11. e4 Bg6 12. exd5 a6 13. Qb4 O-O-O 14. dxe6 Qc6 15. Be2 Rxd1+ 16. Rxd1 fxe6 17. Bf3 Qb6 18. Qxb6 cxb6 19. Rd6 Bf5 20. Rxb6 Ne7
21. Rxb7 Bf8 22. Ra7
1-0

[Event "1800-2200 Leisure RR"]
[Site "SchemingMind.com"]
[Date "2012.12.24"]
[Round "-"]
[White "Vladimir2011"]
[Black "PankracyRozumek"]
[Result "1-0"]
[WhiteCountry "BLR"]
[BlackCountry "POL"]
[WhiteElo "1956"]
[WhiteRD "93"]
[BlackElo "1896"]
[BlackRD "86"]
[GameID "323800"]

1. d4 d5 2. Bg5 f6 3. Bh4 Nh6 4. f4 Nf5 5. Bf2 Nc6 6. e3 e5 7. fxe5 fxe5 8. dxe5 Nxe5 9. Nc3 Be6 10. Nf3 Nc6
11. Bb5 a6 12. Ba4 b5 13. Bb3 Nce7 14. e4 Nd6 15. exd5 Bf7 16. O-O Ng6 17. Qd4 Nf5 18. Rae1+ Nge7 19. Qg4 g6 20. Nd4 Rg8
21. Nxf5 gxf5 22. Qxf5 Qc8 23. Qxh7 Rg7 24. Qh4 Qd7 25. Bc5 Bg6 26. Bxe7 Rxe7 27. Rxe7+
1-0

[Event "1800-2200 Leisure RR"]
[Site "SchemingMind.com"]
[Date "2012.12.24"]
[Round "-"]
[White "Vladimir2011"]
[Black "tyler_ensor"]
[Result "1-0"]
[WhiteCountry "BLR"]
[BlackCountry "CAN"]
[WhiteElo "1969"]
[WhiteRD "92"]
[BlackElo "1985"]
[BlackRD "79"]
[GameID "323801"]

1. d4 d5 2. Bg5 h6 3. Bh4 c6 4. c3 Bf5 5. Nd2 Nd7 6. Ngf3 Ngf6 7. e3 e6 8. Be2 Be7 9. O-O O-O 10. Ne5 Nxe5
11. dxe5 Nd7 12. Bxe7 Qxe7 13. f4 c5 14. c4 Nb6 15. Rc1 Rac8 16. Qb3 Rfd8 17. Rfd1 dxc4 18. Nxc4 Nxc4 19. Qxc4 b6 20. e4 Bg6
21. b4 Qb7 22. bxc5 Rxd1+ 23. Rxd1 Rxc5 24. Rd8+ Kh7 25. Qa4 Qc7 26. Qe8 Rc1+ 27. Kf2 Qc5+ 28. Kg3 Qe3+ 29. Bf3 Bxe4 30. Qxf7 Bxf3
31. Qg8+ Kg6 32. Qxe6+ Kh5 33. Qf5+
1-0

[Event "1800-2200 Leisure RR"]
[Site "SchemingMind.com"]
[Date "2012.12.24"]
[Round "-"]
[White "Vladimir2011"]
[Black "Olli Ylönen"]
[Result "1-0"]
[WhiteCountry "BLR"]
[BlackCountry "FIN"]
[WhiteElo "2000"]
[WhiteRD "85"]
[BlackElo "1832"]
[BlackRD "57"]
[GameID "323802"]

1. d4 Nf6 2. c4 g6 3. b3 Bg7 4. Bb2 O-O 5. Nd2 c5 6. dxc5 Qa5 7. Nf3 Qxc5 8. e3 d6 9. Bd3 Nc6 10. a3 Rd8
11. O-O a5 12. Qc2 d5 13. Ne5 Nxe5 14. Bxe5 dxc4 15. Nxc4 b5 16. Bd4 Qg5 17. f4 Qd5 18. Nb6 Qh5 19. Nxa8 Ng4 20. h3 Nxe3
21. Bxe3 Bxa1 22. Rxa1 Be6 23. Nb6
1-0

[Event "1800-2200 Leisure RR"]
[Site "SchemingMind.com"]
[Date "2012.12.24"]
[Round "-"]
[White "Vladimir2011"]
[Black "hymanroth"]
[Result "0-1"]
[WhiteCountry "BLR"]
[BlackCountry "CRO"]
[WhiteElo "1957"]
[WhiteRD "93"]
[BlackElo "2132"]
[BlackRD "96"]
[GameID "323803"]

1. d4 Nf6 2. c4 e6 3. a3 b6 4. Nf3 Ba6 5. e3 d5 6. Qa4+ c6 7. b3 Be7 8. Nbd2 Bb7 9. Ne5 Qc7 10. Bd3 O-O
11. O-O a5 12. Bb2 Nbd7 13. Rac1 b5 14. cxb5 Nb6
0-1

[Event "1800-2200 Leisure RR"]
[Site "SchemingMind.com"]
[Date "2012.12.24"]
[Round "-"]
[White "e_castle3"]
[Black "Vladimir2011"]
[Result "0-1"]
[WhiteCountry "PHI"]
[BlackCountry "BLR"]
[WhiteElo "1709"]
[WhiteRD "65"]
[BlackElo "2017"]
[BlackRD "87"]
[GameID "323804"]

1. e4 g6 2. g3 Bg7 3. Bg2 c5 4. Nf3 Nf6 5. d3 O-O 6. O-O Nc6 7. c3 d5 8. e5 Ne8 9. d4 cxd4 10. cxd4 Qb6
11. Nc3 Nc7 12. a3 f6 13. Rb1 Bf5 14. Ra1 fxe5 15. Na4 Qb5 16. Nc3 Qc4 17. dxe5 d4 18. Qa4 Qxa4 19. Nxa4 Be4 20. Nc5 Bxf3
21. Bxf3 Rxf3
0-1

[Event "1800-2200 Leisure RR"]
[Site "SchemingMind.com"]
[Date "2012.12.24"]
[Round "-"]
[White "PankracyRozumek"]
[Black "Vladimir2011"]
[Result "0-1"]
[WhiteCountry "POL"]
[BlackCountry "BLR"]
[WhiteElo "1913"]
[WhiteRD "84"]
[BlackElo "2017"]
[BlackRD "87"]
[GameID "323806"]

1. c4 c5 2. g3 Nf6 3. Bg2 Nc6 4. Nc3 g6 5. Nf3 Bg7 6. a3 O-O 7. Rb1 b6 8. b4 cxb4 9. axb4 Bb7 10. O-O a5
11. bxa5 Nxa5 12. d3 d5 13. cxd5 Nxd5 14. Nxd5 Bxd5 15. Be3 Rb8 16. Nd2 b5 17. Ne4 b4 18. Nd2 Ba2 19. Rc1 Bd4 20. Bxd4 Qxd4
21. Ra1 b3 22. Nc4 Nxc4 23. dxc4 Qxc4 24. Bd5 Qb4 25. Qd3 Rfd8 26. Qe4 e6 27. Bxb3 Qxe4
0-1

[Event "1800-2200 Leisure RR"]
[Site "SchemingMind.com"]
[Date "2012.12.25"]
[Round "-"]
[White "tyler_ensor"]
[Black "Vladimir2011"]
[Result "1-0"]
[WhiteCountry "CAN"]
[BlackCountry "BLR"]
[WhiteElo "1985"]
[WhiteRD "79"]
[BlackElo "1969"]
[BlackRD "92"]
[GameID "323807"]

1. Nf3 Nf6 2. c4 g6 3. b4 Bg7 4. Bb2 O-O 5. e3 b6 6. Be2 Bb7 7. O-O c5 8. bxc5 bxc5 9. Qb3 Qc7 10. Nc3 d6
11. Nb5 Qd7 12. d4 cxd4 13. exd4 Na6 14. Rfe1 Nc7 15. a4 Rab8 16. Qe3 a6 17. Nxc7 Qxc7 18. Rab1 Bc6 19. Bd3 Rb3 20. Qe2 Rfb8
21. Ba1 Bxa4 22. Rxb3 Rxb3 23. Qa2 Rxd3 24. Qxa4 Qb7 25. c5 dxc5 26. dxc5 Nd5 27. Bxg7 Kxg7 28. Qc4 Rc3 29. Qd4+ f6 30. Rd1 e5
31. Qe4
1-0

[Event "1800-2200 Leisure RR"]
[Site "SchemingMind.com"]
[Date "2012.12.25"]
[Round "-"]
[White "Olli Ylönen"]
[Black "Vladimir2011"]
[Result "0-1"]
[WhiteCountry "FIN"]
[BlackCountry "BLR"]
[WhiteElo "1832"]
[WhiteRD "57"]
[BlackElo "2000"]
[BlackRD "85"]
[GameID "323808"]

1. d4 Nf6 2. c4 g6 3. Nc3 d5 4. cxd5 Nxd5 5. e4 Nxc3 6. bxc3 Bg7 7. Bc4 O-O 8. Ne2 c5 9. O-O cxd4 10. cxd4 Nc6
11. Be3 Kh8 12. Rc1 Bd7 13. d5 Ne5 14. Bb3 Bb5 15. Re1 Nd3 16. Rc5 Nxc5 17. Bxc5 b6 18. Bd4 Rc8 19. Bxg7+ Kxg7 20. Qd4+ Kg8
21. Nf4 Qd6 22. g3 e5
0-1

[Event "1800-2200 Leisure RR"]
[Site "SchemingMind.com"]
[Date "2012.12.25"]
[Round "-"]
[White "hymanroth"]
[Black "Vladimir2011"]
[Result "1-0"]
[WhiteCountry "CRO"]
[BlackCountry "BLR"]
[WhiteElo "2253"]
[WhiteRD "95"]
[BlackElo "1969"]
[BlackRD "92"]
[GameID "323809"]

1. d4 Nf6 2. c4 g6 3. Nc3 d5 4. Qb3 dxc4 5. Qxc4 Bg7 6. Nf3 O-O 7. e4 b6 8. e5 Be6 9. exf6 Bxc4 10. fxg7 Kxg7
11. Bxc4 Nc6 12. Bf4 Nb4 13. O-O c6 14. a3 Nd5 15. Nxd5 cxd5 16. Bb5 e6 17. Rac1 Rc8 18. Rxc8 Qxc8 19. Rc1 Qa8 20. Ba6 Qe8
21. Bd6 Qa4 22. Bxf8+ Kxf8 23. Bf1 Ke8 24. Rc8+ Kd7 25. Rh8 h5 26. Rh7 Ke8 27. Ne5 f6 28. Nxg6 Qxd4 29. Re7+ Kd8 30. Rxa7 Qxb2
31. Nf4 Qe5 32. g3 h4 33. Re7 hxg3 34. hxg3 Qd6 35. Rxe6 Qxa3 36. Rxf6
1-0

[Event "1800-2200 Leisure RR"]
[Site "SchemingMind.com"]
[Date "2012.12.26"]
[Round "-"]
[White "fourluxflakes"]
[Black "e_castle3"]
[Result "0-1"]
[WhiteCountry "ENG"]
[BlackCountry "PHI"]
[WhiteElo "1741"]
[WhiteRD "75"]
[BlackElo "1762"]
[BlackRD "68"]
[GameID "323812"]

1. Nc3 d5 2. e4 dxe4 3. Nxe4 Nf6 4. Nxf6+ exf6 5. Be2 Bd6 6. Nf3 O-O 7. O-O Nc6 8. d4 Bg4 9. c3 a6 10. h3 Bh5
11. Re1 Re8 12. Be3 Rb8 13. Qd2 Na5 14. c4 b6
0-1

[Event "1800-2200 Leisure RR"]
[Site "SchemingMind.com"]
[Date "2012.12.25"]
[Round "-"]
[White "fourluxflakes"]
[Black "PankracyRozumek"]
[Result "0-1"]
[WhiteCountry "ENG"]
[BlackCountry "POL"]
[WhiteElo "1777"]
[WhiteRD "71"]
[BlackElo "1913"]
[BlackRD "84"]
[GameID "323814"]

1. b3 d5 2. Bb2 c5 3. e3 Nc6 4. Nf3 a6 5. Be2 Nf6 6. O-O Bg4 7. d4 e6 8. c3 Be7 9. Nbd2 O-O 10. h3 Bh5
11. Rc1 b5 12. c4 b4 13. Ne5 Bxe2 14. Qxe2 Nxe5 15. dxe5 Nd7 16. Qg4 Nb6
0-1